[Event "SA-2014-0-00454"]
[Site "LSS email"]
[Date "2014.12.22"]
[Round "?"]
[White "Bouguern, Abd El Halim"]
[Black "Salzmann, Stefan"]
[Result "0-1"]
[WhiteElo "1883"]
[BlackElo "2241"]
[PlyCount "22"]
[EventDate "2014.12.13"]
[EventType "tourn (corr)"]
[EventRounds "6"]
[EventCountry "GER"]
[SourceTitle "Corr 2022"]
[Source "ChessBase"]
[SourceDate "2021.10.24"]
[SourceVersion "1"]
[SourceVersionDate "2021.10.24"]
[SourceQuality "1"]

1. d4 Nf6 2. c4 e6 3. Nc3 Bb4 4. Qc2 0-0 5. Nf3 c5 6. dxc5 Na6 7. g3 Nxc5 8. Bg2 Nce4 9. 0-0 Nxc3 10. bxc3 Be7 11. e4 d6 0-1

[Event "SB-2014-0-00385"]
[Site "LSS email"]
[Date "2014.09.20"]
[Round "?"]
[White "Bouguern, Abd El Halim"]
[Black "Introini, Luis Fredy"]
[Result "1-0"]
[WhiteElo "1840"]
[BlackElo "1895"]
[PlyCount "33"]
[EventDate "2014.09.02"]
[EventType "tourn (corr)"]
[EventRounds "6"]
[EventCountry "GER"]
[SourceTitle "Corr 2022"]
[Source "ChessBase"]
[SourceDate "2021.10.24"]
[SourceVersion "1"]
[SourceVersionDate "2021.10.24"]
[SourceQuality "1"]

1. d4 d5 2. c4 dxc4 3. Nc3 e5 4. e3 exd4 5. exd4 Nf6 6. Bxc4 Nc6 7. Nf3 Bd6 8. Bg5 0-0 9. 0-0 Bg4 10. Nd5 Be7 11. Nxe7+ Nxe7 12. Re1 c6 13. h3 Bxf3 14. Qxf3 Qxd4 15. Rxe7 Qxc4 16. Bxf6 gxf6 17. Re4 1-0

[Event "RB-2014-0-00253"]
[Site "LSS email"]
[Date "2014.07.15"]
[Round "?"]
[White "Reede, Arvo"]
[Black "Bouguern, Abd El Halim"]
[Result "0-1"]
[WhiteElo "1706"]
[BlackElo "1850"]
[PlyCount "126"]
[EventDate "2014.06.04"]
[EventType "tourn (corr)"]
[EventRounds "6"]
[EventCountry "GER"]
[SourceTitle "Corr 2015"]
[Source "ChessBase"]
[SourceDate "2015.07.17"]
[SourceVersion "1"]
[SourceVersionDate "2015.07.17"]
[SourceQuality "1"]

1. d4 Nf6 2. c4 g6 3. Nc3 d5 4. Nf3 Bg7 5. e3 0-0 6. cxd5 Nxd5 7. Be2 c5 8. 0-0 Nc6 9. Qb3 Be6 10. Nxd5 Bxd5 11. Qd1 cxd4 12. Nxd4 Nxd4 13. exd4 Qb6 14. Bf3 Bxf3 15. Qxf3 Bxd4 16. Bh6 Rfd8 17. Rae1 Rd7 18. b3 Rad8 19. Re2 Bc5 20. Qc3 f6 21. Qc4+ Rd5 22. g3 Qd6 23. Rd2 b5 24. Rxd5 bxc4 25. Rxd6 Rxd6 26. Rc1 cxb3 27. axb3 Rd5 28. h4 g5 29. hxg5 fxg5 30. Kf1 Kf7 31. f4 g4 32. Ke2 a5 33. Rc4 Bb4 34. f5 Re5+ 35. Kd3 Rxf5 36. Rxg4 Rf3+ 37. Kc2 e5 38. Bc1 Kf6 39. Rg8 h5 40. Rh8 Rc3+ 41. Kb2 e4 42. Re8 Kf5 43. Rg8 e3 44. Re8 e2 45. Rxe2 Rxg3 46. Rf2+ Kg4 47. Rf4+ Kh3 48. Kc2 h4 49. Rf6 Kg2 50. Bf4 Rg4 51. Bc7 h3 52. Re6 Rg7 53. Be5 Rg5 54. Kd3 h2 55. Bxh2 Kxh2 56. Kc4 Rc5+ 57. Kd4 Kg1 58. Re3 Kf1 59. Re8 Rc3 60. Rh8 Ke2 61. Rh2+ Kd1 62. Rh1+ Kc2 63. Rh2+ Kxb3 0-1

[Event "SC-2014-0-00220"]
[Site "LSS email"]
[Date "2014.03.28"]
[Round "?"]
[White "Bouguern, Abd El Halim"]
[Black "Susla, Vitaliy"]
[Result "1/2-1/2"]
[WhiteElo "1689"]
[BlackElo "1952"]
[PlyCount "29"]
[EventDate "2014.02.07"]
[EventType "tourn (corr)"]
[EventRounds "6"]
[EventCountry "GER"]
[SourceTitle "Corr 2022"]
[Source "ChessBase"]
[SourceDate "2021.10.24"]
[SourceVersion "1"]
[SourceVersionDate "2021.10.24"]
[SourceQuality "1"]

1. d4 Nf6 2. Nf3 g6 3. c4 Bg7 4. Nc3 d5 5. Bg5 Ne4 6. Bf4 Nxc3 7. bxc3 c5 8. e3 0-0 9. cxd5 cxd4 10. cxd4 Qxd5 11. Be2 Nc6 12. 0-0 Bf5 13. a3 Rac8 14. Rc1 Na5 15. Qa4 1/2-1/2

[Event "CP-2012-Q-00015"]
[Site "LSS email"]
[Date "2013.12.17"]
[Round "?"]
[White "Bouguern, Abd El Halim"]
[Black "Koronowski, Heinz Juergen"]
[Result "1-0"]
[WhiteElo "1850"]
[BlackElo "1917"]
[PlyCount "51"]
[EventDate "2013.12.22"]
[EventType "tourn (corr)"]
[EventRounds "6"]
[EventCountry "GER"]
[SourceTitle "Corr 2015"]
[Source "ChessBase"]
[SourceDate "2015.07.17"]
[SourceVersion "1"]
[SourceVersionDate "2015.07.17"]
[SourceQuality "1"]

1. d4 Nf6 2. c4 g6 3. Nc3 d5 4. Nf3 Bg7 5. Bf4 0-0 6. e3 c5 7. dxc5 Qa5 8. Rc1 dxc4 9. Bxc4 Qxc5 10. Qb3 Nc6 11. 0-0 Na5 12. Qb5 Qxc4 13. Qxa5 b6 14. Qa3 Re8 15. Rfd1 Qa6 16. Qb4 Bb7 17. Ne5 Rac8 18. h3 Rc5 19. a4 e6 20. Qa3 Nd5 21. Nb5 Rec8 22. Rxc5 bxc5 23. Bg3 f6 24. Nd7 Qc6 25. Nb8 Qe8 26. Nd6 1-0

[Event "CP-2012-Q-00015"]
[Site "LSS email"]
[Date "2013.12.17"]
[Round "?"]
[White "Morozov, Dmitry Viktorovich"]
[Black "Bouguern, Abd El Halim"]
[Result "1/2-1/2"]
[WhiteElo "2357"]
[BlackElo "1850"]
[PlyCount "25"]
[EventDate "2013.12.22"]
[EventType "tourn (corr)"]
[EventRounds "6"]
[EventCountry "GER"]
[SourceTitle "Corr 2015"]
[Source "ChessBase"]
[SourceDate "2015.07.17"]
[SourceVersion "1"]
[SourceVersionDate "2015.07.17"]
[SourceQuality "1"]

1. d4 Nf6 2. c4 g6 3. Nc3 d5 4. cxd5 Nxd5 5. Bd2 Bg7 6. e4 Nxc3 7. Bxc3 0-0 8. Nf3 Bg4 9. Be2 e6 10. 0-0 Nc6 11. e5 Qd7 12. Qd2 Bf5 13. Rad1 1/2-1/2

[Event "CP-2013-P-00048"]
[Site "LSS email"]
[Date "2013.09.30"]
[Round "?"]
[White "Bouguern, Abd El Halim"]
[Black "Bellanger, Michel"]
[Result "1/2-1/2"]
[WhiteElo "1850"]
[BlackElo "1863"]
[PlyCount "122"]
[EventDate "2013.10.01"]
[EventType "tourn (corr)"]
[EventRounds "6"]
[EventCountry "GER"]
[SourceTitle "Corr 2015"]
[Source "ChessBase"]
[SourceDate "2015.07.17"]
[SourceVersion "1"]
[SourceVersionDate "2015.07.17"]
[SourceQuality "1"]

1. d4 Nf6 2. Nf3 e6 3. g3 c5 4. Bg2 cxd4 5. Nxd4 d5 6. 0-0 e5 7. Nb3 Be6 8. Bg5 Nbd7 9. Nc3 h6 10. Bxf6 Nxf6 11. Qd3 e4 12. Qb5+ Qd7 13. f3 Qxb5 14. Nxb5 Rc8 15. c3 Bd7 16. N5d4 g6 17. fxe4 Nxe4 18. Rfd1 h5 19. Nc2 Be6 20. Ne3 Rd8 21. Rd3 Bh6 22. Rad1 Bxe3+ 23. Rxe3 f5 24. Nd4 Ke7 25. c4 Bf7 26. c5 Kf6 27. b4 a6 28. c6 bxc6 29. Ra3 Ra8 30. Bxe4 fxe4 31. Nxc6 Ke6 32. Nd4+ Ke5 33. e3 Rhc8 34. Ra5 g5 35. Kf2 Be8 36. a4 Bd7 37. Rd2 Bh3 38. Rc2 Rxc2+ 39. Nxc2 Rf8+ 40. Ke1 Rf1+ 41. Kd2 Bc8 42. b5 axb5 43. axb5 Kd6 44. Ra7 h4 45. gxh4 gxh4 46. Kc3 Rb1 47. Rh7 Bd7 48. Rxh4 Kc5 49. b6 Kxb6 50. Rh7 Bg4 51. Rg7 Bf3 52. Kd4 Rc1 53. Na3 Be2 54. Kxd5 Bd3 55. Rg2 Ka5 56. h4 Kb4 57. Rh2 Kxa3 58. h5 Kb3 59. h6 Rc8 60. h7 Rh8 61. Ke5 Kc3 1/2-1/2

[Event "ZI-2013-0-01685"]
[Site "LSS email"]
[Date "2013.09.20"]
[Round "?"]
[White "Bouguern, Abd El Halim"]
[Black "Gajic, Sladjan"]
[Result "1-0"]
[WhiteElo "1595"]
[BlackElo "1905"]
[PlyCount "43"]
[EventDate "2013.09.12"]
[EventType "match (corr)"]
[EventRounds "2"]
[EventCountry "GER"]
[SourceTitle "Corr 2022"]
[Source "ChessBase"]
[SourceDate "2021.10.24"]
[SourceVersion "1"]
[SourceVersionDate "2021.10.24"]
[SourceQuality "1"]

1. d4 Nf6 2. Nf3 e6 3. Bg5 c5 4. d5 Qa5+ 5. Bd2 Qb6 6. c4 Bd6 7. Nc3 exd5 8. cxd5 0-0 9. Qc2 h6 10. e4 Na6 11. Be2 Ng4 12. 0-0 Re8 13. a3 Bb8 14. Nh4 Nf6 15. Rae1 Qc7 16. d6 Qxd6 17. f4 Qb6 18. Nd5 Nxd5 19. exd5 Bd6 20. Bh5 Rxe1 21. Rxe1 Bf8 22. Bc3 1-0

[Event "RD-2013-0-00083"]
[Site "LSS email"]
[Date "2013.06.28"]
[Round "?"]
[White "Bouguern, Abd El Halim"]
[Black "Laczay, Istvan"]
[Result "1/2-1/2"]
[WhiteElo "1626"]
[BlackElo "1590"]
[PlyCount "59"]
[EventDate "2013.02.03"]
[EventType "tourn (corr)"]
[EventRounds "6"]
[EventCountry "GER"]
[SourceTitle "Telechess CBM 161"]
[Source "ChessBase"]
[SourceDate "2014.07.16"]
[SourceVersion "1"]
[SourceVersionDate "2014.07.16"]
[SourceQuality "1"]

1. d4 Nf6 2. Nf3 g6 3. g3 d5 4. Bg2 Bg7 5. 0-0 0-0 6. c4 dxc4 7. Na3 c3 8. bxc3 c5 9. Ne5 Nc6 10. Nac4 Nd5 11. Nxc6 bxc6 12. Bd2 Ba6 13. Ne5 Qd6 14. Qa4 Bxe2 15. Rfe1 cxd4 16. Nxc6 dxc3 17. Bg5 Nb6 18. Qh4 c2 19. Rac1 Bd1 20. Nxe7+ Kh8 21. Bxa8 Rxa8 22. Qe4 Qc5 23. Bf4 Bf6 24. Kg2 Qc4 25. Qe5 Bg7 26. Qd6 Rf8 27. Be5 Bxe5 28. Qxe5+ f6 29. Qd6 Kg7 30. h4 1/2-1/2

[Event "WC-2017-P-00007"]
[Site "LSS email"]
[Date "2013.02.27"]
[Round "?"]
[White "Bouguern, Abd El Halim"]
[Black "Lavis, Jon"]
[Result "1/2-1/2"]
[WhiteElo "1850"]
[BlackElo "2022"]
[PlyCount "59"]
[EventDate "2013.03.03"]
[EventType "tourn (corr)"]
[EventRounds "12"]
[EventCountry "GER"]
[SourceTitle "Corr 2015"]
[Source "ChessBase"]
[SourceDate "2015.07.17"]
[SourceVersion "1"]
[SourceVersionDate "2015.07.17"]
[SourceQuality "1"]

1. d4 g6 2. e4 Bg7 3. Nf3 d6 4. Nc3 Nc6 5. Be3 Nf6 6. h3 a6 7. Qd2 0-0 8. Bd3 e5 9. d5 Ne7 10. 0-0 Nh5 11. a4 f5 12. Bg5 Qe8 13. a5 Bd7 14. Ra3 fxe4 15. Bxe4 Nf5 16. Rb3 Rb8 17. Re1 Qf7 18. Rb4 Nf6 19. Bd3 Kh8 20. Bxf6 Bxf6 21. Ne4 Qxd5 22. Nxf6 Rxf6 23. Qc3 Bc6 24. Be4 Qg8 25. Bxc6 bxc6 26. Rxb8 Qxb8 27. Qxc6 Kg7 28. Ng5 Qc8 29. Ne4 Rf7 30. c3 1/2-1/2

[Event "OP-2012-0-02473"]
[Site "LSS email"]
[Date "2012.10.30"]
[Round "?"]
[White "Vontina, Maria"]
[Black "Bouguern, Abd El Halim"]
[Result "0-1"]
[WhiteElo "621"]
[BlackElo "1462"]
[PlyCount "62"]
[EventDate "2012.10.27"]
[EventType "tourn (corr)"]
[EventRounds "4"]
[EventCountry "GER"]
[SourceTitle "Telechess CBM 159"]
[Source "ChessBase"]
[SourceDate "2014.03.17"]
[SourceVersion "1"]
[SourceVersionDate "2014.03.17"]
[SourceQuality "1"]

1. e4 c5 2. Nf3 Nc6 3. d4 cxd4 4. Nxd4 Nf6 5. Nc3 e5 6. Ndb5 d6 7. Bg5 a6 8. Na3 b5 9. Nd5 Be7 10. Bxf6 Bxf6 11. c3 0-0 12. Be2 Bg5 13. 0-0 Be6 14. Nc2 Ne7 15. Nxe7+ Qxe7 16. Nb4 a5 17. Nd5 Qb7 18. Qd3 Bxd5 19. exd5 b4 20. c4 g6 21. b3 a4 22. Qg3 Bf4 23. Qd3 Qb6 24. g3 Bh6 25. Kh1 axb3 26. Qxb3 Ra3 27. Qc2 Rfa8 28. Kg2 b3 29. Qb2 Rxa2 30. Rxa2 Rxa2 31. Qb1 Rxe2 0-1

[Event "OP-2012-0-02446"]
[Site "LSS email"]
[Date "2012.10.12"]
[Round "?"]
[White "Bouguern, Abd El Halim"]
[Black "Huerga, Aser"]
[Result "0-1"]
[WhiteElo "1464"]
[BlackElo "1787"]
[PlyCount "72"]
[EventDate "2012.10.08"]
[EventType "tourn (corr)"]
[EventRounds "4"]
[EventCountry "GER"]
[SourceTitle "Telechess CBM 165"]
[Source "ChessBase"]
[SourceDate "2015.03.11"]
[SourceVersion "1"]
[SourceVersionDate "2015.03.11"]
[SourceQuality "1"]

1. d4 Nf6 2. c4 g6 3. Nc3 d5 4. Nf3 Bg7 5. Qb3 dxc4 6. Qxc4 0-0 7. e4 a6 8. e5 b5 9. Qb3 Nfd7 10. h4 c5 11. e6 c4 12. exf7+ Rxf7 13. Qd1 Nb6 14. h5 Nc6 15. hxg6 hxg6 16. Be3 Nd5 17. Be2 Bf5 18. Ng5 Rf8 19. Nxd5 Qxd5 20. Bf3 Qd7 21. Bxc6 Qxc6 22. Qf3 Rac8 23. Qxc6 Rxc6 24. 0-0-0 Rd8 25. Nf3 c3 26. b3 a5 27. d5 Ra6 28. Nd4 b4 29. Rh4 Bxd4 30. Rdxd4 Rad6 31. Rhf4 Rxd5 32. Rxd5 Rxd5 33. Rc4 Rd8 34. g4 Be6 35. Rd4 Rb8 36. Rf4 Rb5 0-1

[Event "OP-2012-0-02446"]
[Site "LSS email"]
[Date "2012.10.12"]
[Round "?"]
[White "Bouguern, Abd El Halim"]
[Black "Pilgram, Kurt"]
[Result "1-0"]
[WhiteElo "1464"]
[BlackElo "1731"]
[PlyCount "73"]
[EventDate "2012.10.08"]
[EventType "tourn (corr)"]
[EventRounds "4"]
[EventCountry "GER"]
[SourceTitle "Telechess CBM 165"]
[Source "ChessBase"]
[SourceDate "2015.03.11"]
[SourceVersion "1"]
[SourceVersionDate "2015.03.11"]
[SourceQuality "1"]

1. d4 Nf6 2. c4 g6 3. Nc3 Bg7 4. e4 d6 5. Nf3 0-0 6. Be2 c5 7. d5 e6 8. Bf4 exd5 9. cxd5 b5 10. Nd2 a6 11. Bf3 Qe7 12. 0-0 Nfd7 13. Bg3 h5 14. h3 Ne5 15. Be2 h4 16. Bh2 Ra7 17. Kh1 f5 18. f4 Nf7 19. Bd3 c4 20. Bc2 b4 21. Na4 c3 22. bxc3 bxc3 23. Nb3 Bd7 24. Nd4 fxe4 25. Re1 Bxa4 26. Bxa4 Nh6 27. Ne6 Rc8 28. Rc1 Nd7 29. Rxe4 Nf5 30. Bc2 Qf6 31. Qg4 Rb7 32. Nxg7 Qxg7 33. Re6 Nf8 34. Rxg6 Qxg6 35. Qxg6+ Nxg6 36. Bxf5 c2 37. Bg1 1-0

[Event "OP-2012-0-02446"]
[Site "LSS email"]
[Date "2012.10.12"]
[Round "?"]
[White "Willmann, Bernd"]
[Black "Bouguern, Abd El Halim"]
[Result "0-1"]
[WhiteElo "1795"]
[BlackElo "1464"]
[PlyCount "82"]
[EventDate "2012.10.08"]
[EventType "tourn (corr)"]
[EventRounds "4"]
[EventCountry "GER"]
[SourceTitle "Telechess CBM 165"]
[Source "ChessBase"]
[SourceDate "2015.03.11"]
[SourceVersion "1"]
[SourceVersionDate "2015.03.11"]
[SourceQuality "1"]

1. c4 Nf6 2. Nc3 e5 3. f4 exf4 4. d4 d5 5. Bxf4 Bb4 6. e3 Be6 7. Nf3 dxc4 8. Qa4+ Nc6 9. Ne5 Qd5 10. Bxc4 Qxg2 11. 0-0-0 Bxc3 12. bxc3 Bxc4 13. Qxc4 Qd5 14. Qb3 Qxb3 15. axb3 Ne4 16. Nxc6 bxc6 17. Rhg1 Nxc3 18. Rde1 g6 19. Bxc7 Ne4 20. Ref1 f6 21. Rg4 f5 22. Rg2 Ke7 23. Be5 Rhc8 24. Ra2 c5 25. Kb2 a5 26. Rfa1 cxd4 27. Bxd4 Nc5 28. Rd1 Rab8 29. Rxa5 Nxb3 30. Ra7+ Ke8 31. Be5 Rb5 32. Bf4 Nd2+ 33. Ka1 Rd5 34. Re1 Rcc5 35. Rxh7 g5 36. Bg3 Ra5+ 37. Kb2 Rab5+ 38. Ka2 Rb6 39. Ra7 Rc5 40. Rd1 Rc2+ 41. Ka1 Rbb2 0-1

[Event "CP-2012-P-00021"]
[Site "LSS email"]
[Date "2012.10.01"]
[Round "?"]
[White "Bouguern, Abd El Halim"]
[Black "Oliger, Mark L"]
[Result "1/2-1/2"]
[WhiteElo "1626"]
[BlackElo "1751"]
[PlyCount "21"]
[EventDate "2012.10.05"]
[EventType "tourn (corr)"]
[EventRounds "6"]
[EventCountry "GER"]
[SourceTitle "Corr 2015"]
[Source "ChessBase"]
[SourceDate "2015.07.17"]
[SourceVersion "1"]
[SourceVersionDate "2015.07.17"]
[SourceQuality "1"]

1. d4 d5 2. c4 dxc4 3. Nc3 e5 4. e3 exd4 5. exd4 Nf6 6. Bxc4 Bd6 7. Nf3 0-0 8. 0-0 Nc6 9. h3 h6 10. Qc2 Na5 11. Bd3 1/2-1/2

[Event "CP-2012-P-00021"]
[Site "LSS email"]
[Date "2012.10.01"]
[Round "?"]
[White "Neumann, Frank"]
[Black "Bouguern, Abd El Halim"]
[Result "0-1"]
[WhiteElo "571"]
[BlackElo "1626"]
[PlyCount "50"]
[EventDate "2012.10.05"]
[EventType "tourn (corr)"]
[EventRounds "6"]
[EventCountry "GER"]
[SourceTitle "Telechess CBM 161"]
[Source "ChessBase"]
[SourceDate "2014.07.16"]
[SourceVersion "1"]
[SourceVersionDate "2014.07.16"]
[SourceQuality "1"]

1. e4 e5 2. Nf3 Nc6 3. Be2 Nf6 4. Nc3 Bc5 5. 0-0 0-0 6. a3 d6 7. b4 Bd4 8. Nxd4 exd4 9. Na2 Nxe4 10. d3 Nc3 11. Nxc3 dxc3 12. d4 Qf6 13. Bf3 Nxd4 14. a4 Bf5 15. Ra2 Nxf3+ 16. Qxf3 Qe6 17. Qxc3 Qxa2 18. Bb2 f6 19. Ra1 Qf7 20. a5 Rae8 21. b5 Re2 22. Rc1 Qe6 23. Kf1 Re8 24. g3 Bh3+ 25. Kg1 Re1+ 0-1

[Event "OP-2012-0-02423"]
[Site "LSS email"]
[Date "2012.09.26"]
[Round "?"]
[White "Bouguern, Abd El Halim"]
[Black "Ballero, Andrea"]
[Result "1/2-1/2"]
[WhiteElo "1464"]
[BlackElo "1526"]
[PlyCount "80"]
[EventDate "2012.09.23"]
[EventType "tourn (corr)"]
[EventRounds "4"]
[EventCountry "GER"]
[SourceTitle "Telechess CBM 165"]
[Source "ChessBase"]
[SourceDate "2015.03.11"]
[SourceVersion "1"]
[SourceVersionDate "2015.03.11"]
[SourceQuality "1"]

1. d4 Nf6 2. Nf3 e6 3. Nc3 d5 4. Bf4 c5 5. e3 c4 6. a3 Bd6 7. Bxd6 Qxd6 8. g4 0-0 9. g5 Ne8 10. Qe2 Nc6 11. h4 Rb8 12. h5 b5 13. h6 g6 14. e4 b4 15. e5 Qe7 16. axb4 Qxb4 17. Ra2 Nc7 18. Qd2 Rb6 19. Nd1 Qxd2+ 20. Kxd2 Ra6 21. Rxa6 Bxa6 22. Bg2 Rb8 23. Kc1 Kf8 24. c3 Na5 25. Ne3 Nb3+ 26. Kc2 Bb5 27. Nd2 Rb6 28. Rb1 Ba4 29. Nxb3 Bxb3+ 30. Kc1 Ra6 31. Ng4 Ne8 32. Bf3 Ke7 33. Bd1 Bxd1 34. Kxd1 Kd7 35. Kc2 Ra2 36. Re1 Kc6 37. Rh1 Kd7 38. Rf1 Ke7 39. Re1 Kd7 40. Rf1 Ke7 1/2-1/2

[Event "LSS No Engine Cup 69 Preliminary 1"]
[Site "LSS email"]
[Date "2012.07.19"]
[Round "?"]
[White "Bouguern, Abd El Halim"]
[Black "Tittarelli, Adriano"]
[Result "1-0"]
[WhiteElo "1429"]
[BlackElo "1101"]
[PlyCount "59"]
[EventDate "2012.07.20"]
[EventType "tourn (corr)"]
[EventRounds "6"]
[EventCountry "GER"]
[SourceTitle "Telechess CBM 165"]
[Source "ChessBase"]
[SourceDate "2015.03.11"]
[SourceVersion "1"]
[SourceVersionDate "2015.03.11"]
[SourceQuality "1"]

1. d4 d5 2. c4 e6 3. Nc3 Nf6 4. Nf3 Nbd7 5. e3 c6 6. Bd3 Bd6 7. 0-0 0-0 8. b3 a6 9. Bb2 h6 10. Nd2 Qc7 11. f4 b5 12. c5 Be7 13. b4 Bb7 14. a4 Rfb8 15. a5 Nf8 16. Nf3 N6d7 17. g4 f6 18. Ne2 Re8 19. Qe1 Bd8 20. Qg3 Bc8 21. h4 Nh7 22. Bg6 Re7 23. g5 fxg5 24. hxg5 hxg5 25. Bxh7+ Kxh7 26. Nxg5+ Kg8 27. Kg2 Nf6 28. Rh1 Ne4 29. Rh8+ Kxh8 30. Qh3+ 1-0

[Event "LSS No Engine Cup 69 Preliminary 1"]
[Site "LSS email"]
[Date "2012.07.19"]
[Round "?"]
[White "Bouguern, Abd El Halim"]
[Black "Villar, Jeremias"]
[Result "1-0"]
[WhiteElo "1429"]
[BlackElo "907"]
[PlyCount "39"]
[EventDate "2012.07.20"]
[EventType "tourn (corr)"]
[EventRounds "6"]
[EventCountry "GER"]
[SourceTitle "Telechess CBM 165"]
[Source "ChessBase"]
[SourceDate "2015.03.11"]
[SourceVersion "1"]
[SourceVersionDate "2015.03.11"]
[SourceQuality "1"]

1. d4 d5 2. Nf3 Nf6 3. Bf4 e6 4. e3 h6 5. Bd3 Bd6 6. Bxd6 Qxd6 7. 0-0 0-0 8. Nbd2 c5 9. c3 Nc6 10. Rc1 Re8 11. dxc5 Qxc5 12. e4 d4 13. cxd4 Qa5 14. e5 Nd7 15. Nc4 Qd5 16. a3 Nxd4 17. Nxd4 Qxd4 18. Bh7+ Kxh7 19. Qxd4 b5 20. Qe4+ 1-0